000
00254nam a2200097Ia 4500
001
1300129
005
20260420095858.0
008
260420s9999 xx 000 0 und d
245
0
_a
KANGURU HOPİDİK
_c
ŞOKUH GASEMNİA
260
_b
TİMAŞ ÇOCUK YAYINLARI
999
_c
1300129
_d
1300129